25 Highest Rated Players in NBA2k15 - Statistics

General Stats
  • This quiz has been taken 1,693 times
  • The average score is 15 of 25
Answer Stats
Hint Answer % Correct
98 LeBron James
100%
89 Stephen Curry
95%
95 Kevin Durant
94%
88 Russell Westbrook
84%
89 Kobe Bryant
80%
88 James Harden
79%
91 Chris Paul
78%
90 Tim Duncan
71%
86 Dwayne Wade
70%
86 Kyrie Irving
68%
88 Anthony Davis
63%
89 Blake Griffin
63%
89 Carmelo Anthony
60%
88 Derrick Rose
58%
88 Dwight Howard
58%
89 Paul George
58%
87 Damian Lillard
53%
88 Tony Parker
53%
89 Kevin Love
52%
86 John Wall
46%
88 LaMarcus Aldridge
40%
88 Dirk Nowitzki
38%
87 Rajon Rondo
31%
87 Joakim Noah
25%
87 Al Jefferson
10%
No matching quizzes found
Score Distribution
Percent of People with Each Score
Percentile by Number Answered
Your Score History
You have not taken this quiz